| 000 | 00736ngm a2200181 a 4500 | ||
|---|---|---|---|
| 005 | 20231021063556.0 | ||
| 008 | 991125s1980 mx 014 d daspa u | ||
| 035 | _aUPN01000001008 | ||
| 049 | _aAV | ||
| 050 | 4 | _aPVI L 0401 | |
| 245 | 0 | 0 | _aAdquiriendo buenos hábitos de estudio. |
| 260 |
_aMéxico : _bPelículas Ebesa, _c[198?]. |
||
| 300 |
_a1 videocasete (VHS) (14 min.) : _bson., col. |
||
| 520 | _aPara facilitar cualquier actividad es importante la organización. Se aconseja buscar un lugar adecuado para realizar las tareas, en donde se encuentren todos los materiales que se van a necesitar y evitar las distracciones | ||
| 650 | 4 |
_aMétodos de estudio _94280 |
|
| 650 | 2 |
_aHábitos de estudio _97045 |
|
| 905 | _aAudiovisuales | ||
| 999 |
_c1008 _d1008 |
||